[Event "Stuttgarter Stadtmeisterschaft 2010 B"]
[Site "Ditzingen"]
[Date "2010.05.15"]
[Round "5.35"]
[White "Grunow, Carmen"]
[Black "Ziegler, Michael"]
[Result "0-1"]
[WhiteElo "1418"]
[BlackElo "1656"]
[PlyCount "90"]
[EventDate "2010.??.??"]

1. e4 c5 2. Nf3 d6 3. d4 cxd4 4. Nxd4 Bd7 5. Nc3 g6 6. Bc4 Bg7 7. O-O Nf6 8.
Re1 O-O 9. Nf3 Qc7 10. Bb3 Nc6 11. Nd5 Qb8 12. Rb1 Re8 13. Bf4 Nh5 14. Qd2 Bg4
15. Qe3 e6 16. Nc3 Bxf3 17. Qxf3 Nd4 18. Qe3 Nxf4 19. Qxf4 Be5 20. Qh6 Qc7 21.
f4 Bg7 22. Qh4 Nxb3 23. cxb3 Bxc3 24. bxc3 Qxc3 25. Rbc1 Qd4+ 26. Qf2 Qxf2+ 27.
Kxf2 Rec8 28. Ke3 Kf8 29. Rc4 Rxc4 30. bxc4 Ke7 31. Rb1 b6 32. Rb5 Rc8 33. Kd4
f6 34. g4 e5+ 35. fxe5 dxe5+ 36. Kc3 Rc6 37. Rd5 a6 38. a4 Rd6 39. Rxd6 Kxd6
40. Kb4 Kc6 41. Kb3 a5 42. Kc2 Kc5 43. Kc3 g5 44. h3 h6 45. Kd3 Kb4 0-1

[Event "Stuttgarter Stadtmeisterschaft 2010 B"]
[Site "Ditzingen"]
[Date "2010.05.15"]
[Round "5.36"]
[White "Griesche, Veit"]
[Black "Kruck, Mathias"]
[Result "1-0"]
[WhiteElo "1302"]
[BlackElo "1638"]
[PlyCount "77"]
[EventDate "2010.??.??"]

1. Nf3 d5 2. c4 Nf6 3. cxd5 Qxd5 4. Nc3 Qa5 5. e4 Nbd7 6. d4 Nxe4 7. Bd2 Nxd2
8. Qxd2 e6 9. Bd3 Nf6 10. O-O g6 11. a3 Bg7 12. b4 Qb6 13. Rac1 O-O 14. Ne4 Nd7
15. a4 c6 16. a5 Qd8 17. Rfd1 a6 18. Qe3 Nf6 19. h3 Nd5 20. Qe1 Qe7 21. Rc4 Rd8
22. Nc5 Nc7 23. Qe3 Nb5 24. Be2 Rd5 25. Na4 Rd8 26. Nc5 Rb8 27. Na4 Nc7 28. Nb6
Nd5 29. Nxd5 Rxd5 30. Rc5 Qd7 31. Rd3 b6 32. Ne5 Bxe5 33. Rxd5 cxd5 34. Qxe5
Rb7 35. Rc3 b5 36. Rc5 Qd8 37. Rc6 Qd7 38. Rxa6 Rc7 39. Rd6 1-0

[Event "Stuttgarter Stadtmeisterschaft 2010 B"]
[Site "Ditzingen"]
[Date "2010.05.15"]
[Round "5.37"]
[White "Mager, Denis"]
[Black "Michna, Marcus"]
[Result "0-1"]
[WhiteElo "1538"]
[BlackElo "1857"]
[PlyCount "102"]
[EventDate "2010.??.??"]

1. Nf3 Nf6 2. g3 b6 3. Bg2 Bb7 4. O-O e6 5. d4 c5 6. c4 cxd4 7. b3 Qc7 8. Bf4
d6 9. Na3 a6 10. e3 dxe3 11. Bxe3 Nbd7 12. Nc2 Be7 13. Ncd4 O-O 14. Rc1 Rac8
15. Qe2 Qb8 16. Rfd1 Qa8 17. Nh4 Bxg2 18. Nxg2 d5 19. Rc2 Rfd8 20. Rdc1 Ba3 21.
Rb1 Bf8 22. Nf3 dxc4 23. Rxc4 Rxc4 24. bxc4 Rb8 25. Bf4 Rc8 26. Ne5 Bc5 27. Qd3
Nxe5 28. Bxe5 Rd8 29. Qf1 Ne4 30. Rb2 Nd2 31. Qe2 Nf3+ 32. Kh1 Nxe5 33. Rb1 Nd3
34. f3 Nf2+ 35. Kg1 Ng4+ 36. Kh1 Nf6 37. Nf4 Qc6 38. Kg2 Rd4 39. Rc1 Qd7 40.
Rc2 Bb4 41. Kf1 Rd1+ 42. Kf2 Qd4+ 43. Kg2 Rd2 44. Rxd2 Qxd2 45. Kf2 Bc5+ 46.
Kf1 Qc1+ 47. Kg2 Qe3 48. Qc2 Qd4 49. Nd3 Qg1+ 50. Kh3 Qf1+ 51. Qg2 Qxd3 0-1

[Event "Stuttgarter Stadtmeisterschaft 2010 B"]
[Site "Ditzingen"]
[Date "2010.05.15"]
[Round "5.38"]
[White "Herbst, Rudolf"]
[Black "Dölker, Kai"]
[Result "1-0"]
[WhiteElo "1765"]
[BlackElo "1540"]
[PlyCount "23"]
[EventDate "2010.??.??"]
[WhiteTeam "SK Neuhausen"]
[BlackTeam "SV Stuttgart-Wolfbusch 1956 e.V."]

1. c4 Nf6 2. Nc3 e6 3. e4 e5 4. Nf3 d6 5. d4 Bg4 6. dxe5 Bxf3 7. Qxf3 dxe5 8.
Bg5 Be7 9. Rd1 Nbd7 10. Be2 O-O 11. Bxf6 Bxf6 12. Qg4 1-0

[Event "Stuttgarter Stadtmeisterschaft 2010 B"]
[Site "Ditzingen"]
[Date "2010.05.15"]
[Round "5.39"]
[White "Schmitz, Harald"]
[Black "Schmidt, Tobias"]
[Result "1/2-1/2"]
[WhiteElo "1741"]
[BlackElo "1537"]
[PlyCount "41"]
[EventDate "2010.??.??"]

1. e4 e6 2. d4 d5 3. exd5 exd5 4. Bd3 Nf6 5. Ne2 Be7 6. O-O O-O 7. Re1 Be6 8.
Nd2 Qd7 9. Nf1 Bf5 10. Nfg3 Bxd3 11. Qxd3 Bd6 12. Bg5 Be7 13. Nf5 Bd8 14. Neg3
Ne4 15. Bxd8 Rxd8 16. Re2 Nxg3 17. hxg3 Nc6 18. c3 Re8 19. Rae1 Re6 20. Qd2 h6
21. Rxe6 1/2-1/2

[Event "Stuttgarter Stadtmeisterschaft 2010 B"]
[Site "Ditzingen"]
[Date "2010.05.15"]
[Round "5.40"]
[White "Herkommer, Andreas"]
[Black "Weisensel, Wolfgang"]
[Result "1/2-1/2"]
[WhiteElo "1501"]
[BlackElo "1685"]
[PlyCount "55"]
[EventDate "2010.??.??"]
[WhiteTeam "SV Untertürkheim e.V."]
[BlackTeam "Stuttgarter SF 1879"]

1. e4 Nf6 2. Nc3 e5 3. Nf3 Nc6 4. Bc4 Bc5 5. d3 h6 6. O-O d6 7. h3 O-O 8. Be3
Bb6 9. Bxb6 axb6 10. Qd2 Na5 11. Bb3 Nxb3 12. axb3 Be6 13. Ne2 Re8 14. Ng3 Qd7
15. Nh2 Ra6 16. Rxa6 bxa6 17. f4 exf4 18. Qxf4 a5 19. d4 Qe7 20. d5 Bd7 21. c4
Qe5 22. Qxe5 Rxe5 23. Nf3 Re8 24. Re1 g6 25. Kf2 h5 26. e5 dxe5 27. Rxe5 Rxe5
28. Nxe5 1/2-1/2

[Event "Stuttgarter Stadtmeisterschaft 2010 B"]
[Site "Ditzingen"]
[Date "2010.05.15"]
[Round "5.41"]
[White "Sigmund, Wolfgang"]
[Black "Grüneschild, Hildegard"]
[Result "1-0"]
[WhiteElo "1421"]
[BlackElo "1663"]
[PlyCount "142"]
[EventDate "2010.??.??"]

1. d4 Nf6 2. Nf3 g6 3. c4 Bg7 4. Nc3 d6 5. e4 O-O 6. Be2 Nbd7 7. O-O e5 8. dxe5
dxe5 9. Bg5 c6 10. Qd2 Qc7 11. b4 Re8 12. Rad1 Bf8 13. a3 Nh5 14. h3 Nf4 15.
Nh2 h6 16. Bh4 g5 17. Bg3 Nf6 18. Ng4 Nxg4 19. hxg4 Be6 20. Qe3 b6 21. Rd2 Rad8
22. Rfd1 Nxe2+ 23. Qxe2 Rxd2 24. Rxd2 a5 25. Na2 f6 26. f3 axb4 27. axb4 Ra8
28. Bf2 Ra4 29. c5 bxc5 30. Bxc5 Bxc5+ 31. bxc5 Bc4 32. Qd1 Ra8 33. Nb4 Be6 34.
Rd6 Kf7 35. Nxc6 Re8 36. Nd8+ Rxd8 37. Rxd8 Qxc5+ 38. Kh2 Qf2 39. Qd2 Qh4+ 40.
Kg1 h5 41. Rh8 Qg3 42. Rxh5 Kg6 43. Rh3 Qf4 44. Qxf4 gxf4 45. Kf2 Bf7 46. Rh1
Kg5 47. Ra1 Kg6 48. g3 fxg3+ 49. Kxg3 Kg5 50. Ra7 Kg6 51. Kh4 Bc4 52. Ra8 Be2
53. Kg3 Bc4 54. f4 exf4+ 55. Kxf4 Be6 56. Ra6 Kf7 57. g5 fxg5+ 58. Kxg5 Ke7 59.
e5 Bc4 60. Rb6 Ba2 61. Kf5 Bc4 62. Rb7+ Kd8 63. e6 Kc8 64. Rg7 Bb5 65. Kf6 Kb8
66. e7 Kb7 67. Rg8 Bc6 68. e8=Q Bxe8 69. Rxe8 Kb6 70. Rb8+ Ka7 71. Rb1 Ka6 1-0

[Event "Stuttgarter Stadtmeisterschaft 2010 B"]
[Site "Ditzingen"]
[Date "2010.05.15"]
[Round "5.42"]
[White "Dallinger, Moritz"]
[Black "Trobonjaca, Milos"]
[Result "1-0"]
[WhiteElo "1418"]
[BlackElo "1658"]
[PlyCount "107"]
[EventDate "2010.??.??"]

1. e4 c5 2. Nf3 Nc6 3. d4 cxd4 4. Nxd4 Nf6 5. Nc3 h6 6. Bf4 d6 7. Bb5 Bd7 8.
Nxc6 bxc6 9. Bc4 e5 10. Bg3 Be7 11. O-O O-O 12. f3 Qb6+ 13. Bf2 Qxb2 14. Na4
Qb4 15. Bb3 c5 16. Nb2 a5 17. a4 Rac8 18. Nc4 Rc6 19. Be1 Qb8 20. Nxa5 Rcc8 21.
Nc4 Be6 22. Ne3 c4 23. Ba2 Qa7 24. Bf2 Qa6 25. Re1 Rfe8 26. c3 Nh5 27. Qc2 Nf4
28. Nd1 Ra8 29. Nb2 Rec8 30. Be3 Bg5 31. Bxf4 Bxf4 32. Red1 Qa7+ 33. Kh1 Qe7
34. g3 Be3 35. Qe2 Ba7 36. Bxc4 Bxc4 37. Nxc4 Rc6 38. Ne3 Bxe3 39. Qxe3 Rca6
40. Qd2 Qf6 41. f4 g5 42. fxg5 hxg5 43. Rf1 Qg6 44. Rf5 f6 45. Qd5+ Kg7 46. Qe6
R6a7 47. Kg2 Rc7 48. Qd5 Qh5 49. Qe6 Qe2+ 50. Kg1 Rf7 51. Raf1 d5 52. Rxg5+ Kh6
53. Qxf7 Kxg5 54. Qg7+ 1-0

[Event "Stuttgarter Stadtmeisterschaft 2010 B"]
[Site "Ditzingen"]
[Date "2010.05.15"]
[Round "5.43"]
[White "Kalwei, Reinhard"]
[Black "Mejerski, Stephan"]
[Result "0-1"]
[WhiteElo "1319"]
[BlackElo "1635"]
[PlyCount "74"]
[EventDate "2010.??.??"]

1. d4 f5 2. c4 Nf6 3. Nc3 e6 4. Qc2 c6 5. Nf3 d5 6. e3 Be7 7. Be2 Nbd7 8. O-O
O-O 9. c5 Qc7 10. Ng5 Ne4 11. Nxe6 Qb8 12. Nxf8 Nxf8 13. Nxe4 fxe4 14. f4 Ng6
15. Bd2 Bd7 16. Be1 Qc8 17. Bg3 Bf5 18. b4 Bf6 19. Qb3 Ne7 20. a4 g6 21. b5 h5
22. h4 Bg4 23. Qd1 Bxe2 24. Qxe2 Nf5 25. Qe1 b6 26. Rc1 bxc5 27. Rxc5 Nxd4 28.
Qd1 Nf5 29. Rxc6 Qd8 30. Bf2 Kh7 31. g3 d4 32. Kg2 dxe3 33. Qxd8 Bxd8 34. Bg1
Ba5 35. Rd1 e2 36. Rd7+ Kh6 37. Bf2 e3 0-1

[Event "Stuttgarter Stadtmeisterschaft 2010 B"]
[Site "Ditzingen"]
[Date "2010.05.15"]
[Round "5.44"]
[White "Steinmassl, Guido"]
[Black "Kanz, Edwin"]
[Result "1-0"]
[WhiteElo "1550"]
[BlackElo "1414"]
[PlyCount "68"]
[EventDate "2010.??.??"]

1. Nf3 d5 2. d4 e6 3. e3 Bd6 4. Bd3 Nf6 5. Nbd2 Nbd7 6. O-O O-O 7. c4 c6 8. Qc2
g6 9. e4 dxe4 10. Bxe4 Nxe4 11. Nxe4 Be7 12. Neg5 Bf6 13. Qe4 Re8 14. Qh4 Nf8
15. Re1 Bg7 16. Qf4 Qf6 17. Ne4 Qxf4 18. Bxf4 Re7 19. Rad1 Bd7 20. Nc5 b6 21.
Bd6 Ree8 22. Bxf8 bxc5 23. Bxc5 Rab8 24. Re2 Rb7 25. Rde1 Rc8 26. Ng5 a5 27.
Ne4 Ra8 28. Rb1 h6 29. Rd2 a4 30. h4 Rbb8 31. Bd6 Re8 32. Be5 Bxe5 33. dxe5 Re7
34. Nf6+ Kf8 1-0

[Event "Stuttgarter Stadtmeisterschaft 2010 B"]
[Site "Ditzingen"]
[Date "2010.05.15"]
[Round "5.46"]
[White "Burkhardt, Adrian"]
[Black "Kean, Christopher"]
[Result "0-1"]
[WhiteElo "1436"]
[BlackElo "1661"]
[PlyCount "142"]
[EventDate "2010.??.??"]

1. e4 g6 2. d4 Bg7 3. Nf3 d6 4. Nc3 a6 5. Bc4 b5 6. Bd5 c6 7. Bb3 Nh6 8. h3 O-O
9. Be3 Kh8 10. Qd2 Ng8 11. Ng5 e6 12. O-O h6 13. Nf3 Bb7 14. d5 c5 15. a3 Kh7
16. Rad1 c4 17. Ba2 Bxc3 18. Qxc3 e5 19. Bd2 Nd7 20. Nh2 Nc5 21. f3 Na4 22. Qb4
Qd7 23. Bc1 f5 24. b3 cxb3 25. cxb3 Nc5 26. Bb1 f4 27. Ba2 Nf6 28. Qd2 Bc8 29.
Bb2 Qa7 30. Kh1 Nh5 31. Rf2 Nxe4 32. fxe4 Ng3+ 33. Kg1 Nxe4 34. Qe2 Qxf2+ 35.
Qxf2 Nxf2 36. Kxf2 h5 37. Rc1 Bd7 38. Rc7 Rfd8 39. Bb1 Kg7 40. Nf3 Kf6 41. Nd2
Bf5 42. Bxf5 gxf5 43. Rc6 Rac8 44. Nf3 Rxc6 45. dxc6 Rc8 46. Ne1 Rxc6 47. h4
Ke6 48. Kf3 a5 49. g3 fxg3 50. Kxg3 f4+ 51. Kf3 Kf5 52. a4 e4+ 53. Ke2 b4 54.
Kf2 Kg4 55. Bf6 e3+ 56. Ke2 d5 57. Kd3 Rxf6 58. Kd4 f3 59. Kxe3 f2 60. Nd3 Rf3+
61. Kd4 Rxd3+ 62. Kxd3 f1=Q+ 63. Ke3 Qf3+ 64. Kd4 Qxb3 65. Kc5 Qc4+ 66. Kb6 d4
67. Kxa5 d3 68. Kb6 d2 69. a5 d1=Q 70. a6 Qd6+ 71. Kb7 Qcc7+ 0-1

[Event "Stuttgarter Stadtmeisterschaft 2010 B"]
[Site "Ditzingen"]
[Date "2010.05.15"]
[Round "5.47"]
[White "Winkler, Alex"]
[Black "Awiszus, Thomas"]
[Result "0-1"]
[WhiteElo "1347"]
[BlackElo "1543"]
[PlyCount "54"]
[EventDate "2010.??.??"]
[WhiteTeam "SF Deizisau"]
[BlackTeam "SV Fellbach"]

1. e4 e6 2. d4 c5 3. Nf3 cxd4 4. Nxd4 Nf6 5. Bg5 Be7 6. Nc3 Nc6 7. Bb5 Qb6 8.
Be3 Qc7 9. O-O a6 10. Ba4 b5 11. Bb3 b4 12. Na4 Nxe4 13. Qg4 Nf6 14. Qxg7 Rg8
15. Qh6 Bb7 16. f3 O-O-O 17. Nxc6 Bxc6 18. Bb6 Qb8 19. Bxd8 Kxd8 20. Qe3 Ke8
21. Nc5 Qa7 22. Kh1 Bxc5 23. Qf4 Be7 24. Rad1 Rg6 25. Rd4 Qc5 26. Rfd1 e5 27.
Rxd7 exf4 0-1

[Event "Stuttgarter Stadtmeisterschaft 2010 B"]
[Site "Ditzingen"]
[Date "2010.05.15"]
[Round "5.48"]
[White "Obermeier, Carl"]
[Black "Sievers, Gerda"]
[Result "1-0"]
[WhiteElo "1392"]
[BlackElo "1206"]
[PlyCount "165"]
[EventDate "2010.??.??"]

1. Nf3 c5 2. g3 d6 3. Bg2 g6 4. d3 Bg7 5. c3 Nf6 6. Bg5 O-O 7. O-O Nc6 8. Nbd2
Bd7 9. a3 a6 10. b4 cxb4 11. cxb4 b5 12. Rc1 a5 13. bxa5 Rxa5 14. Ne1 Nb8 15.
Nc2 b4 16. Bxf6 Bxf6 17. axb4 Ra7 18. Rb1 Qc8 19. Re1 Ba4 20. Nb3 Qc3 21. Nba1
Bxc2 22. Nxc2 Qc7 23. Ne3 Bg7 24. Nd5 Qd8 25. e3 e6 26. Nf4 d5 27. d4 Rb7 28.
Nd3 Nd7 29. Qb3 Nb6 30. Nc5 Ra7 31. Bf1 Re8 32. Ra1 Ra8 33. Rxa8 Qxa8 34. Rc1
Bf8 35. Rc2 Rd8 36. Ra2 Qb8 37. Na6 Qd6 38. b5 Bg7 39. Rc2 Rc8 40. Rxc8+ Nxc8
41. Nb4 Bf8 42. Nc6 Nb6 43. Qc3 Kg7 44. Qa5 Nc4 45. Qa6 Nd2 46. Be2 Ne4 47. Ne5
Qb4 48. b6 Qe1+ 49. Bf1 Qxf2+ 50. Kh1 Nd6 51. Bd3 Qxe3 52. b7 Qc1+ 53. Kg2 Qb2+
54. Kh3 Nxb7 55. Qc6 Qb4 56. Qc7 Qe7 57. Qxe7 Bxe7 58. Kg2 f6 59. Nc6 Kf7 60.
Kf3 Nd6 61. g4 Ne8 62. h3 h6 63. Bxg6+ Kf8 64. h4 Nd6 65. h5 Nc4 66. Kf4 Bd6+
67. Kf3 Nb6 68. Ke3 Nc8 69. Nd8 Ke7 70. Nf7 Ba3 71. Kd2 Bb4+ 72. Kd3 Nd6 73.
Nxh6 Nc4 74. Ng8+ Kf8 75. Nxf6 Kg7 76. g5 Bd2 77. h6+ Kxg6 78. h7 Kg7 79. g6
Bg5 80. Nd7 Kh8 81. Ne5 Nb6 82. Nf7+ Kg7 83. h8=Q+ 1-0

[Event "Stuttgarter Stadtmeisterschaft 2010 B"]
[Site "Ditzingen"]
[Date "2010.05.15"]
[Round "6.1"]
[White "Schaffert, Walter"]
[Black "Riegel, Frank"]
[Result "0-1"]
[WhiteElo "1756"]
[BlackElo "1858"]
[PlyCount "90"]
[EventDate "2010.??.??"]
[WhiteTeam "SG Ludwigsburg 1919"]
[BlackTeam "SV Stuttgart-Wolfbusch 1956 e.V."]

1. f4 d5 2. b3 Nf6 3. Nf3 c5 4. Bb2 e6 5. e3 Bd6 6. Bb5+ Bd7 7. Bxd7+ Nbxd7 8.
O-O Qc7 9. Qe2 O-O 10. d3 Rfe8 11. Nbd2 e5 12. fxe5 Nxe5 13. h3 d4 14. e4 Ng6
15. Nc4 Bg3 16. a4 Nd5 17. Qd2 Bf4 18. Qd1 Ne3 19. Nxe3 Bxe3+ 20. Kh1 Nf4 21.
Bc1 Nh5 22. Bxe3 Ng3+ 23. Kg1 Nxf1 24. Bxd4 cxd4 25. Kxf1 Qc5 26. Nd2 a6 27. a5
Re6 28. Nc4 Qg5 29. Kg1 Rh6 30. Kh1 Re8 31. Qg1 Rg6 32. Rf1 Rf6 33. Rf2 Ree6
34. e5 Rh6 35. Qf1 Reg6 36. Rxf7 Qxg2+ 37. Qxg2 Rxg2 38. Nd6 Rg3 39. Rf2 Rgxh3+
40. Kg2 Rh2+ 41. Kf3 Rxf2+ 42. Kxf2 Rxd6 43. exd6 Kf7 44. Kf3 h5 45. b4 Ke6 0-1

[Event "Stuttgarter Stadtmeisterschaft 2010 B"]
[Site "Ditzingen"]
[Date "2010.05.15"]
[Round "6.2"]
[White "Helfrich, Leo"]
[Black "Rühl, Volker"]
[Result "1-0"]
[WhiteElo "1701"]
[BlackElo "1866"]
[PlyCount "55"]
[EventDate "2010.??.??"]
[WhiteTeam "SC Pforzheim 1906"]
[BlackTeam "SAbt VfL Sindelfingen"]

1. d4 f5 2. g4 e6 3. gxf5 exf5 4. Nf3 d5 5. Bg5 Qd6 6. c3 h6 7. Bd2 Nc6 8. Na3
Qd8 9. Nc2 Be7 10. Bf4 Bf6 11. h4 Be6 12. e3 Nge7 13. Rg1 Bf7 14. Ne5 Bxe5 15.
dxe5 Rg8 16. Bb5 a6 17. Ba4 b5 18. Bb3 Nc8 19. Nd4 Nxd4 20. Qxd4 Qd7 21. O-O-O
Nb6 22. e6 Bxe6 23. Rg6 O-O-O 24. Rdg1 Rge8 25. Rxg7 Bf7 26. Bxh6 Re4 27. Qc5
Kb7 28. Rxf7 1-0

[Event "Stuttgarter Stadtmeisterschaft 2010 B"]
[Site "Ditzingen"]
[Date "2010.05.15"]
[Round "6.3"]
[White "Mages, Steffen"]
[Black "Ostertag, Stephan"]
[Result "1-0"]
[WhiteElo "1865"]
[BlackElo "1806"]
[PlyCount "67"]
[EventDate "2010.??.??"]
[WhiteTeam "SK Schwäbisch Hall"]
[BlackTeam "SV Urach"]

1. e4 d6 2. d4 Nf6 3. Bd3 g6 4. c4 Bg7 5. Nf3 O-O 6. O-O Bg4 7. Nbd2 e5 8. d5
Nbd7 9. Qc2 Nc5 10. Be2 Bxf3 11. Bxf3 a5 12. Nb3 Nxb3 13. Qxb3 b6 14. Bd2 Nd7
15. Qc2 f5 16. b3 f4 17. a3 g5 18. Bg4 Kh8 19. f3 Nf6 20. Be6 Re8 21. b4 axb4
22. axb4 Rxa1 23. Rxa1 h5 24. Ra7 Kh7 25. Qa4 Qb8 26. Qa6 g4 27. Rb7 Qd8 28.
Qa7 gxf3 29. Rxc7 f2+ 30. Kf1 Nxe4 31. Rxg7+ Kh6 32. Rh7+ Kg5 33. Qg7+ Kh4 34.
Qg4# 1-0

[Event "Stuttgarter Stadtmeisterschaft 2010 B"]
[Site "Ditzingen"]
[Date "2010.05.15"]
[Round "6.4"]
[White "Lörincz, Peter"]
[Black "Luft, Jakob"]
[Result "0-1"]
[WhiteElo "1840"]
[BlackElo "1862"]
[PlyCount "120"]
[EventDate "2010.??.??"]
[WhiteTeam "SK Lauffen"]
[BlackTeam "SV Untertürkheim e.V."]

1. Nf3 d5 2. g3 Nf6 3. Bg2 e6 4. d4 Nbd7 5. c3 Be7 6. O-O c5
7. Bf4 Qb6 8. Qc1 h6 9. dxc5 Bxc5 10. Be3 Bxe3 11. fxe3 Ng4 12. Nd4 Ndf6 13.
Na3 Bd7 14. h3 Ne5 15. Qd2 a6 16. Rac1 Rc8 17. b3 Ng6 18. Nb1 Qd6 19. Qe1 O-O
20. Nd2 Nh5 21. g4 Nf6 22. Rf2 Qe5 23. N4f3 Qxe3 24. Nf1 Qb6 25. Nd4 Rc7 26. e3
Rfc8 27. Rfc2 Qd6 28. Qf2 b5 29. Nd2 Qb6 30. b4 Ne5 31. Qe2 Nc4 32. Nxc4 Rxc4
33. Nf3 R4c7 34. a3 Ne8 35. Kh1 Nd6 36. Ne5 Nc4 37. Nxc4 Rxc4 38. Qd3 Qc7 39.
e4 d4 40. e5 Rxc3 41. Rxc3 dxc3 42. Be4 Bc6 43. Kg2 Bxe4+ 44. Qxe4 Qc6 45. Kf3
c2 46. h4 Qxe4+ 47. Kxe4 Rc3 48. Kd4 Rc4+ 49. Kd3 Rxg4 50. Rxc2 Rxh4 51. Rc8+
Kh7 52. Kc2 Re4 53. Rc6 Rxe5 54. Rxa6 h5 55. Ra5 h4 56. a4 h3 57. axb5 h2 58.
Ra1 Rxb5 59. Kb3 Rh5 60. Rh1 g5 0-1

[Event "Stuttgarter Stadtmeisterschaft 2010 B"]
[Site "Ditzingen"]
[Date "2010.05.15"]
[Round "6.5"]
[White "Leroy, Patrick"]
[Black "Ellinger, Harald"]
[Result "0-1"]
[WhiteElo "1835"]
[BlackElo "1854"]
[PlyCount "96"]
[EventDate "2010.??.??"]
[BlackTeam "SK e4 Gerlingen"]

1. e4 c5 2. Nc3 d6 3. g3 Nc6 4. Bg2 g6 5. Nge2 Bg7 6. O-O Nf6 7. d3 O-O 8. Rb1
a6 9. h3 Qc7 10. Nf4 e6 11. Be3 b5 12. a3 Bb7 13. h4 h5 14. Nce2 e5 15. Nd5
Nxd5 16. exd5 Ne7 17. c4 f5 18. f4 bxc4 19. dxc4 e4 20. Qc2 a5 21. Bd2 Bc8 22.
Bc3 Bxc3 23. Qxc3 Ba6 24. Rfe1 Kf7 25. Kf2 Ng8 26. Bf1 Nf6 27. b4 cxb4 28. axb4
Qxc4 29. bxa5 Qxc3 30. Nxc3 Bxf1 31. Rb7+ Kg8 32. Rxf1 Rxa5 33. Rd1 Rc8 34. Nb5
Ra2+ 35. Kf1 Rcc2 36. Nxd6 Rf2+ 37. Kg1 Rg2+ 38. Kf1 Raf2+ 39. Ke1 Re2+ 40. Kf1
Ref2+ 41. Ke1 e3 42. Rb8+ Kh7 43. Rb7+ Kh8 44. Nf7+ Kg7 45. Ng5+ Kf8 46. Nh3
Re2+ 47. Kf1 Ng4 48. Rb8+ Kg7 0-1

[Event "Stuttgarter Stadtmeisterschaft 2010 B"]
[Site "Ditzingen"]
[Date "2010.05.15"]
[Round "6.6"]
[White "Hartmann, Lorenz"]
[Black "Holzner, Tony"]
[Result "1-0"]
[WhiteElo "1860"]
[BlackElo "1685"]
[PlyCount "43"]
[EventDate "2010.??.??"]
[WhiteTeam "SC Heitersheim"]
[BlackTeam "Stuttgarter SF 1879"]

1. Nf3 Nf6 2. g3 b6 3. Bg2 Bb7 4. O-O e6 5. d3 h6 6. c4 Nc6 7.
Nc3 Be7 8. a3 g5 9. b4 Nh5 10. e4 Ng7 11. d4 Nxb4 12. axb4 Bxb4 13. Bb2 Bxc3
14. Bxc3 Bxe4 15. d5 Rg8 16. Bxg7 Rxg7 17. Qd4 Bxf3 18. Qxg7 Bxg2 19. Kxg2 Qe7
20. Qxh6 a5 21. dxe6 fxe6 22. Qh8+ 1-0

[Event "Stuttgarter Stadtmeisterschaft 2010 B"]
[Site "Ditzingen"]
[Date "2010.05.15"]
[Round "6.7"]
[White "Tölg, Wolfgang"]
[Black "Ohnmacht, Simon"]
[Result "0-1"]
[WhiteElo "1756"]
[BlackElo "1883"]
[PlyCount "82"]
[EventDate "2010.??.??"]
[WhiteTeam "SF Oeffingen e.V."]
[BlackTeam "SC Mühlacker 1923 e.V."]

1. e4 d5 2. exd5 Qxd5 3. Nc3 Qa5 4. d4 Bf5 5. Bd3 Bg6 6. Nf3
Nd7 7. O-O Ngf6 8. a3 e6 9. Be3 c6 10. b4 Qc7 11. Qd2 Nd5 12. Nxd5 cxd5 13.
Rac1 Bxd3 14. cxd3 Qb6 15. Rc3 Bd6 16. Ne5 Bxe5 17. dxe5 d4 18. Bxd4 Qxd4 19.
Rc4 Qxe5 20. Rfc1 O-O 21. Rc7 Nb6 22. R7c5 Qd4 23. Rh5 Rac8 24. Re1 Rfd8 25. g3
Qxd3 26. Qf4 Qd2 27. Qe4 g6 28. Re5 Rc1 29. Rxe6 Rxe1+ 30. Qxe1 Qxe1+ 31. Rxe1
f6 32. Re3 Kf7 33. Rc3 Nd5 34. Rd3 Ke6 35. Kf1 Rc8 36. Rd1 Rc3 37. Ra1 Rb3 38.
Ke2 a6 39. Kd2 Rb2+ 40. Ke1 Nc3 41. Kf1 Rb1+ 0-1

[Event "Stuttgarter Stadtmeisterschaft 2010 B"]
[Site "Ditzingen"]
[Date "2010.05.15"]
[Round "6.8"]
[White "Filenberg, Maksim"]
[Black "Bried, Martin"]
[Result "0-1"]
[WhiteElo "1659"]
[BlackElo "1796"]
[PlyCount "82"]
[EventDate "2010.??.??"]
[WhiteTeam "SC Murrhardt 1948 e.V."]
[BlackTeam "Sabt SpVgg Rommelshausen"]

1. c4 c5 2. d4 cxd4 3. Qxd4 Nc6 4. Qd1 Nf6 5. Nc3 e6 6. e3 d5 7. cxd5 Nxd5 8.
Nxd5 Qxd5 9. Qxd5 exd5 10. a3 g6 11. Nf3 Bg7 12. Bd3 O-O 13. O-O Na5 14. Rb1
Nb3 15. Nd2 Nc5 16. Bc2 Be6 17. b4 Nd7 18. Nf3 Rac8 19. Bb3 Bf5 20. Bb2 Bxb1
21. Bxg7 Kxg7 22. Rxb1 Nf6 23. Nd4 a6 24. Ne2 Rfd8 25. Rd1 b6 26. h3 Rd6 27.
Kh2 Rc7 28. Rd4 a5 29. b5 Ne4 30. Bxd5 Nc3 31. Nxc3 Rxc3 32. a4 f5 33. Kg3 Kf6
34. h4 h6 35. Rc4 Rxc4 36. Bxc4 g5 37. hxg5+ hxg5 38. Kf3 Rd2 39. g3 Ke5 40.
Kg2 Rc2 41. Bd3 Ra2 0-1

[Event "Stuttgarter Stadtmeisterschaft 2010 B"]
[Site "Ditzingen"]
[Date "2010.05.15"]
[Round "6.9"]
[White "Schmidt, Markus"]
[Black "Winkler, Tim"]
[Result "0-1"]
[WhiteElo "1768"]
[BlackElo "1736"]
[PlyCount "148"]
[EventDate "2010.??.??"]
[WhiteTeam "Stuttgarter SF 1879"]
[BlackTeam "SF Deizisau"]

1. d4 Nf6 2. c4 d6 3. Nc3 g6 4. e4 Bg7 5. Nf3 O-O 6. Be2 Nbd7 7. Bg5 c5 8. d5
Re8 9. O-O a6 10. a4 Qb6 11. Qc2 h6 12. Bd2 Nh7 13. Nh4 Qd8 14. g3 Ndf6 15. Kg2
Qd7 16. Be3 Qh3+ 17. Kg1 Ng4 18. Bxg4 Bxg4 19. f3 Bd7 20. Ne2 g5 21. Ng2 Bc8
22. g4 Be5 23. Ng3 Bxg3 24. hxg3 Qxg3 25. Rae1 Qe5 26. a5 e6 27. f4 Qg7 28. f5
Nf6 29. e5 Nxg4 30. f6 Qf8 31. Qd2 Nxe3 32. Rxe3 exd5 33. exd6 Rxe3 34. Qxe3
Qxd6 35. cxd5 Bd7 36. Qf3 Re8 37. Qh5 Qf8 38. Rf3 Re5 39. d6 Rf5 40. Rxf5 Bxf5
41. Qh2 Kh7 42. Qe5 Qc8 43. Qe7 Qe6 44. Ne3 Bh3 45. Qxe6 Bxe6 46. Nd5 Kg6 47.
Nb6 Kxf6 48. Na4 Ke5 49. Nxc5 Kxd6 50. Nxb7+ Kc6 51. Nd8+ Kb5 52. Nb7 Bd5 53.
Nd6+ Kxa5 54. Kf2 h5 55. Kg3 Kb4 56. Ne8 Be4 57. Nc7 a5 58. Na6+ Kb5 59. Nc7+
Kc6 60. Ne8 Bg6 61. Kf3 Kc5 62. Ke3 a4 63. Kd2 Kb4 64. Nd6 Kb3 65. Kc1 h4 66.
Nb5 h3 67. Nd4+ Kc4 68. Nf3 g4 69. Ne5+ Kd4 70. Nxg4 Be4 71. Kd2 f5 72. Nh2 Bg2
73. Ke2 Kc4 74. Kd2 Kb3 0-1

[Event "Stuttgarter Stadtmeisterschaft 2010 B"]
[Site "Ditzingen"]
[Date "2010.05.15"]
[Round "6.10"]
[White "Zikeli, Julia"]
[Black "Hua, Qi Cheng"]
[Result "1/2-1/2"]
[WhiteElo "1848"]
[BlackElo "1656"]
[PlyCount "64"]
[EventDate "2010.??.??"]
[WhiteTeam "SG Schwäb.Gmünd 1872 e.V"]
[BlackTeam "SC Magstadt"]

1. e4 c6 2. Nf3 d5 3. Nc3 dxe4 4. Nxe4 Bf5 5. Ng3 Bg6 6. d4 e6 7. c3 Nd7 8. Bf4
Ngf6 9. Bd3 Bxd3 10. Qxd3 Be7 11. c4 Qa5+ 12. Nd2 Rd8 13. O-O O-O 14. Nb3 Qb6
15. c5 Qb4 16. Bd2 Qa4 17. Na5 Nxc5 18. Qe2 Qxd4 19. Be3 Qd3 20. Bxc5 Qxe2 21.
Nxe2 Bxc5 22. Nxb7 Rd2 23. Nxc5 Rxe2 24. Na4 Rd8 25. Rac1 Rd6 26. Rc5 Kf8 27.
Ra5 Rd7 28. a3 Ne4 29. Ra6 Rdd2 30. Nc3 Rxf2 31. Rxf2 Nxf2 32. b4 e5 1/2-1/2

[Event "Stuttgarter Stadtmeisterschaft 2010 B"]
[Site "Ditzingen"]
[Date "2010.05.15"]
[Round "6.12"]
[White "Schöfzig, Winfried"]
[Black "Pocrnic, Josip"]
[Result "1/2-1/2"]
[WhiteElo "1648"]
[BlackElo "1816"]
[PlyCount "68"]
[EventDate "2010.??.??"]
[WhiteTeam "SC Affalterbach"]
[BlackTeam "SF 1954 Conweiler e.V."]

1. d4 Nf6 2. c4 g6 3. Nc3 d5 4. cxd5 Nxd5 5. e4 Nxc3 6. bxc3 Bg7 7. Be3 c5 8.
Qd2 cxd4 9. cxd4 Nc6 10. Ne2 O-O 11. Rb1 b6 12. g3 Bg4 13. Bg2 Bxe2 14. e5 Rc8
15. Kxe2 Na5 16. Qd3 Qd7 17. Rhc1 Rfd8 18. Rxc8 Rxc8 19. Rc1 Rxc1 20. Bxc1 Qa4
21. a3 Nb3 22. Bb2 e6 23. d5 Nc5 24. Qc3 Qb5+ 25. Kd1 Nd3 26. Qc8+ Bf8 27. Bd4
exd5 28. Kd2 Qc4 29. Qxc4 dxc4 30. Bd5 Bxa3 31. Bxc4 Nc5 32. f4 Bb4+ 33. Kc2
Ne6 34. Be3 Kf8 {Schluß nicht rekonstruierbar...} 1/2-1/2